Využitie štatistických metód pri skúmaní diferenciácie poľnohospodárskych podnikov kandidátska dizertačná práca
Guardado en:
| Autor principal: | |
|---|---|
| Autor Corporativo: | |
| Otros Autores: | |
| Formato: | Libro |
| Lenguaje: | eslovaco |
| Publicado: |
Bratislava
1989
|
| Etiquetas: |
Sin Etiquetas, Sea el primero en etiquetar este registro!
|
MARC
| LEADER | 00000nam a2200000 4500 | ||
|---|---|---|---|
| 001 | c031866 | ||
| 005 | 20180820124211.7 | ||
| 041 | 0 | |a slo | |
| 044 | |a SK | ||
| 245 | 1 | 0 | |a Využitie štatistických metód pri skúmaní diferenciácie poľnohospodárskych podnikov |b kandidátska dizertačná práca |c Ondrej Majerník ; vedúci práce Milan Kovačka |
| 264 | 1 | |a Bratislava |c 1989 | |
| 300 | |a 179 s. | ||
| 100 | 1 | |a Majerník, Ondrej | |
| 700 | 1 | |a Kovačka, Milan | |
| 710 | 2 | |a Vysoká škola ekonomická v Bratislave | |